000 00490nam a2200181Ia 4500
005 20250326142604.0
008 250326s9999 xx 000 0 und d
037 _aTextbook
040 _aFMSL
_beng
_cFMSL
041 _aeng
_2eng
084 _aX:8 M2
_qFMSL
100 _aTrewatha R L
_9746274
245 0 _aManagement
_cTrewatha R L; New Port M G
260 _aBusiness
_bBusiness, publications
_c1982
300 _a617p
942 _cTB
_hX:8 M2
999 _c1295718
_d1295718